1847 1261 1501 1038 1483 1798 1189 1590 1538 1628 1422 1658 1812 1615 1185 1228 1442 1954 1677 1237 1496 1293 1169 1118 1934 1750 1564 1247 1888 1076 1696 1103 1796 1081 1049 1633 1352 1231 1809 1230 1095 1098 1388 1034 1207 1348 1417 1041 1509 1685 1441 1104 1243 1315 1685 1795 1526 1439 1238 1190 1585 1349 1991 1214 1514 1058 1217 1747 1499 1514 1608 1964 1201 1047 1876 1886 1776 1462 1626 1266 1577 1093 1488 1255 1904 1171 1077 1645 1537 1718 1931 1873 1838 1473 1011 1603 1064 1382 1538 BCNSPRNW ULIB Ver.6.0+V

เปลี่ยนเป็นภาษาไทย

Change to English
 แสดงรายละเอียดบรรณานุกรม
  กลับหน้าหลัก

Brief Record : Get Marc (ISO 2709) : E-mail record : QR code < ปิดหน้าต่าง
LEADER : 00000nam 2200000uu 4500
001    13399127561
003     ULIB
008    210202s2561||||th 000 0 tha d
020    ^a9786164686212
060    ^aWK300^bณ213ภ
100    ^aณัฏฐิณี จรัสเจริญวิทยา
245    ^aภาวะต่อมพาราไทรอยด์สังเคราะห์ฮอร์โมนเพิ่มขึ้นแบบปฐมภูมิ = Primary Hyperparathyroidism
260    ^aนนทบุรี :^bภาพพิมพ์,^c2561
300    ^a242 หน้า :^bภาพประกอบ, ตาราง ;^c26 ซม.
650    ^aต่อมพาราไทรอยด์ -- โรค
650    ^aภาวะต่อมพาราไทรอยด์ทำงานเกิน
945    ^p360^l0^i007481
945    ^p360^l0^i007482
945    ^p360^l0^i007483
945    ^p360^l0^i007484
945    ^p360^l0^i007485
999    ^aประนอม เกษจรัล
รายการนี้ยังไม่มีแท็ก
คุณยังไม่ได้ล็อกอิน คุณสามารถมีกิจกรรมร่วมกับเว็บไซต์ได้ แต่ต้องล็อกอินก่อน ::
  ล็อกอิน

รายการสื่อสารสนเทศ

ลำดับที่ ประเภท เลขเรียก/บาร์โค้ด สถานที่ สถานะ
1. วิทยาศาสตร์การแพทย์ และสุขภาพ
หนังสือสำรอง
สถานะ=หนังสือสำรอง
WK300 ณ213ภ ฉ.1 
  Barcode: 007481
ห้องสมุดวิทยาเขตสวรรค์ประชารักษ์
►หนังสือทั่วไป
บนชั้น
2. วิทยาศาสตร์การแพทย์ และสุขภาพ
วิทยาศาสตร์การแพทย์ และสุขภาพ
WK300 ณ213ภ ฉ.2 
  Barcode: 007482
ห้องสมุดวิทยาเขตสวรรค์ประชารักษ์
►หนังสือทั่วไป
บนชั้น
3. วิทยาศาสตร์การแพทย์ และสุขภาพ
วิทยาศาสตร์การแพทย์ และสุขภาพ
WK300 ณ213ภ ฉ.3 
  Barcode: 007483
ห้องสมุดวิทยาเขตสวรรค์ประชารักษ์
►หนังสือทั่วไป
บนชั้น
4. วิทยาศาสตร์การแพทย์ และสุขภาพ
วิทยาศาสตร์การแพทย์ และสุขภาพ
WK300 ณ213ภ ฉ.4 
  Barcode: 007484
ห้องสมุดวิทยาเขตสวรรค์ประชารักษ์
►หนังสือทั่วไป
บนชั้น
5. วิทยาศาสตร์การแพทย์ และสุขภาพ
วิทยาศาสตร์การแพทย์ และสุขภาพ
WK300 ณ213ภ ฉ.5 
  Barcode: 007485
ห้องสมุดวิทยาเขตสวรรค์ประชารักษ์
►หนังสือทั่วไป
บนชั้น

รายการใกล้เคียง
    ชื่อเรื่อง [ภาวะต่อมพาราไทรอยด์สังเคราะห์ฮอร์โมนเพิ่มขึ้นแบบปฐมภูมิ = Primary Hyperparathyroidism]

    ผู้แต่ง [ณัฏฐิณี จรัสเจริญวิทยา]

    หัวเรื่อง [ต่อมพาราไทรอยด์ -- โรค]
    หัวเรื่อง [ภาวะต่อมพาราไทรอยด์ทำงานเกิน]

BibComment


ยังไม่เคยถูกคอมเมนท์

คอมเมนท์ทรัพยากรรายการนี้
  คอมเมนท์: ภาวะต่อมพาราไทรอ..


 Copyright 2026. Bcnsprnw @Library